Speech of Mr. William W. Wick, of Indiana, on the bill to increase the pay of the army, delivered in the House of Representatives, January 26, 1847.

Bibliographic Details
Main Author: Wick, William W. (William Watson), 1796-1868
Format: Microform Book
Language:English
Series:Pamphlets in American history. Mexican War, 1846-1848 ; MW 57.
Subjects:

MARC

Tag First Indicator Second Indicator Subfields
LEADER 00000cam a2200000ui 4500
001 in00001026708
005 20150928121436.0
007 he am----b---
008 800725r19801847ncu b 000 0 eng d
035 |a (OCoLC)16097738 
035 |9 AFG0094AM 
037 |a CL0104500003  |b University Microfilms International 
037 |b University Microfilms International, 300 N. Zeeb Rd., Ann Arbor, MI 48106 
040 |a UMI  |c UMI  |d m.c.  |d UtOrBLW 
043 |a n-us--- 
049 |a TXAI 
099 |a fiche  |a C  |a 13815 
100 1 |a Wick, William W.  |q (William Watson),  |d 1796-1868. 
245 1 0 |a Speech of Mr. William W. Wick, of Indiana, on the bill to increase the pay of the army, delivered in the House of Representatives, January 26, 1847. 
264 3 |a Washington :  |b Printed at the Office of Blair and Rives,  |c 1847. 
300 |a 8 pages ;  |c 22 cm. 
336 |a text  |b txt  |2 rdacontent 
337 |a microform  |b h  |2 rdamedia 
338 |a microfiche  |b he  |2 rdacarrier 
533 |a Microfiche.  |b Sanford, N.C. :  |c Microfilming Corp. of America,  |d 1980.  |e 1 microfiche ; 11 x 15 cm.  |f (Pamphlets in American history : Mexican War, 1846-1848 ; MW 57) 
500 |a Microform. 
610 1 0 |a United States.  |b Army  |x Pay, allowances, etc. 
651 0 |a United States  |x Politics and government  |y 1845-1849. 
830 0 |a Pamphlets in American history.  |p Mexican War, 1846-1848 ;  |v MW 57. 
999 |a MARS 
999 f f |s 14838ec4-a263-3e62-a855-9c7e44405664  |i 23b32166-5863-316e-b194-02402f4cdfcc  |t 0 
952 f f |p default  |a Texas A&M University  |b College Station  |c Sterling C. Evans Library  |d Evans: Microforms (3rd floor)  |t 0  |e fiche C 13815  |h Other scheme  |i microform -- microfiche 
998 f f |a fiche C 13815  |t 0  |l Evans: Microforms (3rd floor)